Sears and Zemansky's university physics with modern physics / (Record no. 27334)
[ view plain ]
| 000 -LEADER | |
|---|---|
| fixed length control field | 01653cam a22003495a 4500 |
| 005 - DATE AND TIME OF LATEST TRANSACTION | |
| control field | 20240818093041.0 |
| 008 - FIXED-LENGTH DATA ELEMENTS--GENERAL INFORMATION | |
| fixed length control field | 170228t2016 enka fr 001 0 eng d |
| 020 ## - INTERNATIONAL STANDARD BOOK NUMBER | |
| International Standard Book Number | 9781292100319 |
| 020 ## - INTERNATIONAL STANDARD BOOK NUMBER | |
| International Standard Book Number | 1292100311 |
| 040 ## - CATALOGING SOURCE | |
| Original cataloging agency | StDuBDS |
| Language of cataloging | eng |
| Transcribing agency | StDuBDS |
| Modifying agency | EG-ScBUE |
| -- | EG-ScBUE |
| 082 04 - DEWEY DECIMAL CLASSIFICATION NUMBER | |
| Classification number | 530 |
| Item number | YOU |
| Edition number | 22 |
| 100 1# - MAIN ENTRY--PERSONAL NAME | |
| Personal name | Young, Hugh D. |
| 245 10 - TITLE STATEMENT | |
| Title | Sears and Zemansky's university physics with modern physics / |
| Statement of responsibility, etc | Hugh D. Young, Roger A. Freedman ; contributing author A. Lewis Ford. |
| 246 30 - VARYING FORM OF TITLE | |
| Title proper/short title | University physics with modern physics. |
| 250 ## - EDITION STATEMENT | |
| Edition statement | 14th ed., Global ed. |
| 260 ## - | |
| -- | Harlow : |
| -- | Pearson Education, |
| -- | c.2016. |
| 300 ## - PHYSICAL DESCRIPTION | |
| Extent | 1593 p. : |
| Other physical details | ill. (some col.) ; |
| Dimensions | 28 cm. |
| 336 ## - CONTENT TYPE | |
| Source | rdacontent |
| Content type term | text |
| Content type code | txt |
| 337 ## - MEDIA TYPE | |
| Media type term | unmediated |
| Source | rdamedia |
| Media type code | n |
| 338 ## - CARRIER TYPE | |
| Carrier type term | volume |
| Carrier type code | nc |
| Source | rdacarrier |
| 500 ## - GENERAL NOTE | |
| General note | Includes index. |
| 520 ## - SUMMARY, ETC. | |
| Summary, etc | The Fourteenth Edition improves the defining features of the text while adding new features influenced by education research to teach the skills needed by today’s students. A focus on visual learning, new problem types, and pedagogy informed by MasteringPhysics metadata headline the improvements designed to create the best learning resource for physics students. |
| 650 #7 - SUBJECT ADDED ENTRY--TOPICAL TERM | |
| Topical term or geographic name as entry element | Physics |
| General subdivision | Study and teaching (Higher) |
| Source of heading or term | BUEsh |
| 650 #7 - SUBJECT ADDED ENTRY--TOPICAL TERM | |
| Topical term or geographic name as entry element | Physics |
| Form subdivision | Problems, exercises, etc. |
| Source of heading or term | BUEsh |
| 9 (RLIN) | 31057 |
| 651 ## - SUBJECT ADDED ENTRY--GEOGRAPHIC NAME | |
| Source of heading or term | BUEsh |
| 653 ## - INDEX TERM--UNCONTROLLED | |
| Resource For college | Engineering, General |
| Arrived date list | March2019 |
| 700 1# - ADDED ENTRY--PERSONAL NAME | |
| Personal name | Freedman, Roger A. |
| 700 1# - ADDED ENTRY--PERSONAL NAME | |
| Personal name | Ford, A. Lewis |
| Fuller form of name | (Albert Lewis), |
| Relator term | contributor. |
| 700 1# - ADDED ENTRY--PERSONAL NAME | |
| Personal name | Sears, Francis Weston, |
| Dates associated with a name | 1898-1975. |
| Title of a work | University physics. |
| 700 1# - ADDED ENTRY--PERSONAL NAME | |
| Personal name | Zemansky, Mark Waldo, |
| Dates associated with a name | 1900-1981. |
| Title of a work | University physics. |
| 942 ## - ADDED ENTRY ELEMENTS (KOHA) | |
| Source of classification or shelving scheme | Dewey Decimal Classification |
| Classification part | RDA-MOD |
| Withdrawn status | Lost status | Source of classification or shelving scheme | Damaged status | Not for loan | Collection code | Home library | Current library | Shelving location | Date acquired | Source of acquisition | Cost, normal purchase price | Serial Enumeration / chronology | Total Checkouts | Total Renewals | Full call number | Barcode | Date last seen | Date checked out | Cost, replacement price | Koha item type |
|---|---|---|---|---|---|---|---|---|---|---|---|---|---|---|---|---|---|---|---|---|
| Dewey Decimal Classification | Baccah | Central Library | Central Library | First floor | 31/03/2019 | Purchase | 880.00 | 173 | 3 | 30 | 530 YOU | 000043305 | 30/07/2025 | 21/11/2024 | 1100.00 | Book - Borrowing |